Contrafuegos 2 : (Record no. 105546)

MARC details
000 -CABECERA
campo de control de longitud fija 00833nam a2200241 a 4500
005 - FECHA Y HORA DE LA ÚLTIMA TRANSACCIÓN
campo de control 20220818110706.0
008 - ELEMENTOS DE LONGITUD FIJA--INFORMACIÓN GENERAL
campo de control de longitud fija 040512s2001 es r 000 0 spa d
020 ## - NÚMERO INTERNACIONAL NORMALIZADO PARA LIBROS
Número Internacional Estándar del Libro 8433961640
035 ## - NÚMERO DE CONTROL DEL SISTEMA
Número de control de sistema UPN01000133395
049 ## - COLECCIÓN
Colección CG
050 #4 - SIGNATURA TOPOGRÁFICA DE LA BIBLIOTECA DEL CONGRESO
Número de clasificación HN377
Número de documento/Ítem B6.2
100 1# - ASIENTO PRINCIPAL--NOMBRE PERSONAL
Nombre de persona Bourdieu, Pierre,
Fechas asociadas al nombre 1930-2002
245 10 - MENCIÓN DE TÍTULO
Título Contrafuegos 2 :
Resto del título por un movimiento social europeo /
Mención de responsabilidad, etc. Pierre Bourdieu ; tr. Joaquín Jordá.
260 ## - PUBLICACIÓN, DISTRIBUCIÓN, ETC.
Lugar de publicación, distribución, etc. Barcelona, Esp. :
Nombre del editor, distribuidor, etc. Anagrama,
Fecha de publicación, distribución, etc. 2001.
300 ## - DESCRIPCIÓN FÍSICA
Extensión 118 p.
440 #0 - MENCIÓN DE SERIE/ASIENTO SECUNDARIO--TÍTULO
Título Argumentos ;
Designación de volumen o secuencia 273
534 ## - NOTA SOBRE LA VERSIÓN ORIGINAL
Frase introductoria Traduccion de :
Mención de título del original Contre-feux 2 : pour un mouvement social européen
650 #7 - ASIENTO SECUNDARIO DE MATERIA - TERMINO TEMATICO
Término de materia o nombre geográfico como elemento de entrada Acción social
Subdivisión geográfica Europa
Fuente del encabezamiento o término
9 (RLIN) 508
650 #4 - ASIENTO SECUNDARIO DE MATERIA - TERMINO TEMATICO
Término de materia o nombre geográfico como elemento de entrada MOVIMIENTOS SOCIALES -
Subdivisión geográfica EUROPA
651 #4 - ASIENTO SECUNDARIO DE MATERIA - NOMBRE GEOGRAFICO
Nombre geográfico EUROPA -
Subdivisión general CONDICIONES SOCIALES -
Subdivisión cronológica 1945-
651 #4 - ASIENTO SECUNDARIO DE MATERIA - NOMBRE GEOGRAFICO
Nombre geográfico EUROPA -
Subdivisión general ECONOMIA POLITICA -
-- PARTICIPACION CIUDADANA
905 ## - TIPO DE MATERIAL
Tipo de material Libro
Holdings
Estado de retiro Estado de pérdida Fuente del sistema de clasificación o colocación Estado dañado No para préstamo Código de colección Localización permanente Ubicación/localización actual Ubicación en estantería Total de préstamos Clasificación Código de barras Fecha visto por última vez Número de copia Tipo de ítem Koha
    Library of Congress Classification     Colección General Bib. Gregorio Torres Quintero Bib. Gregorio Torres Quintero Planta baja 8 HN377 B6.2 217847 31/12/2020 1 Libro